Les super-héros de South Park - Statistiques

Statistiques générales
  • Ce quiz a été pris 128 fois
  • Le résultat moyen est 7 sur 15
Statistiques - réponses
Hint Réponse % Correct
Eric Cartman Le Coon
97%
Kenny McCormick Mystérion
75%
Leopold Stotch Professeur Chaos
73%
Clyde Donovan Le Moustique
60%
Stan Marsh Boîte à outils
57%
Dougie Général Désolation
52%
Craig Tucker Super Craig
52%
Token Black Tupperware
49%
Bradley Biggle Praline-Menthe-Cerise
40%
Tweek Tweak Wonder Tweek
34%
Kyle Broflovski L'homme Cerf-Volant
33%
Scott Malkinson Capitaine Diabète
22%
Jimmy Valmer Quickie
14%
Wendy Testaburger Rabatteuse
13%
Timmy Professeur Thimothy
1%
Aucun quiz correspondant
Distribution des résultats
% des personnes avec chaque résultat
Percentile par nombre de réponses
Votre historique - résultats
Vous n’avez pas pris ce quiz